000 00432nam a2200169 a 4500
001 0000-8728
003 ELIB.Books
008 110520 1891
035 _a(ELIB.Books)0000-8874
082 _a230
_bMau
100 _aMaurice, Frederick Denison
245 _aTheological Essays
260 _bLondon; Macmilliam and Co, Limited
_c1891
650 _aTheology
942 _2ddc
_cBK
998 _cbat
_e2011-05-20
999 _c8728
_d8728